000 00894nas a2200277 4500
001 BR7600162
003 BR-BrBNA
005 20231205082852.0
007 ta
008 230509b bl.|||p| |||| 00| 00por d
040 _aBR-BrBNA
_bpor
_cBiblioteca Nacional de Agricultura
041 _a(Pt)
072 _aL73
100 1 _aSantos, M.R.S. dos
100 1 _aCamargo, Z.P.
111 1 _a10. Congresso da Sociedade Brasileira de Medicina Tropical
_cCuritiba, PR (Brazil)
_dFeb 1974
245 1 _aClassificacao de leveduras isoladas de processos inflamatorios genitais de equinos puro sangue ingles
650 _aCAVALO
650 _aFUNGO
650 _aFERMENTO
650 _aINFLAMACAO
650 _aAPARELHO REPRODUTOR
773 0 _tBiologico (Brazil)
_xISSN 0045-2041
_g(Jun 1975), v. 41(6) p. 162-167
_wBR7600162
909 _a202311
_bLúcia
_c55
_dLúcia Elande
942 _2AGRIS
_n0
_cANA
999 _c94739
_d94739